| 000 | 01176nam a2200397 a 4500 | ||
|---|---|---|---|
| 003 | AR-BaBNM | ||
| 005 | 20251128210515.0 | ||
| 008 | 082120s2002 ||||||||||||||000 | spa|| | ||
| 020 | _a84-7584-261-5 | ||
| 040 | _cAR-BaBNM | ||
| 100 | 1 | _aRodríguez Moreno, María Luisa | |
| 245 | 0 | 0 |
_aPrograma para enseñar a tomar decisiones _bguía didáctica para el tutor |
| 250 | _a2ª ed. | ||
| 260 |
_aBarcelona _bLaertes _c1998 |
||
| 300 |
_a85 p. _btablas |
||
| 490 | 0 |
_aPedagogía _vv. 73b |
|
| 504 | _aContiene bibliografía | ||
| 650 | 4 | _aEDUCACION Y EMPLEO | |
| 650 | 4 | _aORIENTACION PROFESIONAL | |
| 650 | 4 | _aPROGRAMAS DE ORIENTACION | |
| 650 | 4 | _aACTIVIDADES | |
| 650 | 4 | _aTUTORIA | |
| 650 | 4 | _aPROFESORES-TUTORES | |
| 653 | _aORIENTACION EDUCATIVA | ||
| 653 | _aEDUCACION POLIMODAL | ||
| 653 | _aTERCER CICLO DE LA EGB | ||
| 653 | _aORIENTACION VOCACIONAL | ||
| 653 | _aMETODOS EDUCATIVOS | ||
| 700 | 1 | _aDorio Alcaraz, Inmaculada | |
| 700 | 1 | _aMorey Vich, Magdalena | |
| 700 | 1 |
_aTort Raventós, Lluís _ecolaborador |
|
| 800 | 1 |
_aRodríguez, María Luisa _edirector |
|
| 800 | 1 |
_aLarrosa, Jorge _edirector |
|
| 942 | _cBK | ||
| 998 | _cRaquel | ||
| 999 |
_c15729 _d15729 |
||